000 01476nam a22003374a 4500
001 ebr10041092
003 CaPaEBR
006 m u
007 cr cn|||||||||
008 990225s1998 dcua sb 000 0 eng
010 _z 99177575
020 _z0309061849
040 _aCaPaEBR
_cCaPaEBR
035 _a(OCoLC)70770543
050 1 4 _aTS156.8
_b.N38 1998eb
082 0 4 _a670.422/7
_221
110 2 _aNational Research Council (U.S.).
_bPanel on Manufacturing Process Controls.
245 1 0 _aManufacturing process controls for the industries of the future
_h[electronic resource] /
_cPanel on Manufacturing Process Controls, Committee on Industrial Technology Assessment, National Materials Advsory Board..., National Research Council.
260 _aWashington, D.C. :
_bNational Academy Press,
_cc1998.
300 _axiii, 58 p. :
_bill.
490 1 _aPublication NMAB ;
_v487-2
490 1 _aCompass series
504 _aIncludes bibliographical references.
533 _aElectronic reproduction.
_bPalo Alto, Calif. :
_cebrary,
_d2013.
_nAvailable via World Wide Web.
_nAccess may be limited to ebrary affiliated libraries.
650 0 _aProcess control.
655 7 _aElectronic books.
_2local
710 2 _aebrary, Inc.
830 0 _aCompass series (Washington, D.C.)
830 0 _aPublication NMAB ;
_v487-2.
856 4 0 _uhttp://site.ebrary.com/lib/rucke/Doc?id=10041092
_zAn electronic book accessible through the World Wide Web; click to view
999 _c60725
_d60725